Project monitoring (Record no. 106836)
[ view plain ]
| 000 -LEADER | |
|---|---|
| fixed length control field | 01625cam a22002895a 4500 |
| 001 - CONTROL NUMBER | |
| control field | L137586 |
| 008 - FIXED-LENGTH DATA ELEMENTS--GENERAL INFORMATION | |
| fixed length control field | 070417s2007 xxk f 000 0 eng d |
| 020 ## - INTERNATIONAL STANDARD BOOK NUMBER | |
| International Standard Book Number | 9781842193204 |
| 035 ## - SYSTEM CONTROL NUMBER | |
| System control number | (Sirsi) u137586 |
| 041 0# - LANGUAGE CODE | |
| Language code of text/sound track or separate title | eng |
| 050 04 - LIBRARY OF CONGRESS CALL NUMBER | |
| Classification number | 658.404 $2 18 |
| 110 2# - MAIN ENTRY--CORPORATE NAME | |
| Corporate name or jurisdiction name as entry element | Royal Institution of Chartered Surveyors |
| Subordinate unit | Quantity Surveying and Construction Faculty |
| 9 (RLIN) | 4967 |
| 245 00 - TITLE STATEMENT | |
| Title | Project monitoring |
| Remainder of title | RICS guidance note |
| Medium | [electronic resource] |
| 260 ## - PUBLICATION, DISTRIBUTION, ETC. | |
| Place of publication, distribution, etc. | Coventry |
| Name of publisher, distributor, etc. | RICS |
| Date of publication, distribution, etc. | 2007 |
| 300 ## - PHYSICAL DESCRIPTION | |
| Extent | vi, 52p. |
| Dimensions | 30cm. |
| 350 ## - PRICE (NR) (BK AM CF MU VM SE) [OBSOLETE] | |
| Price | 35 |
| 490 #0 - SERIES STATEMENT | |
| Series statement | RICS Guidance Note |
| 505 2# - FORMATTED CONTENTS NOTE | |
| Formatted contents note | Introduction -- Client analysis -- Types of project monitoring - Instructing a project monitor -- Key stages in a project monitoring commission -- The role of the project monitor in the private finance initiative -- Professional practice -- Summary and conclusions -- Appendices: appointment checklist; sample appointment letter; initial audit report; drawdown checklist; progress report checklist; practical completion checklist; end of defects checklist |
| 520 ## - SUMMARY, ETC. | |
| Summary, etc. | Provides guidance to RICS members on the role and responsibilities of a project monitor. Notes the difference between project monitoring and project management/construction monitoring and outlines the typical areas that project monitors will advise upon. |
| 590 ## - LOCAL NOTE (RLIN) | |
| Local note | KA NTK |
| 650 24 - SUBJECT ADDED ENTRY--TOPICAL TERM | |
| Topical term or geographic name entry element | PRIVATE FINANCE INITIATIVE |
| 651 #4 - SUBJECT ADDED ENTRY--GEOGRAPHIC NAME | |
| Geographic name | International |
| 690 ## - LOCAL SUBJECT ADDED ENTRY--TOPICAL TERM (OCLC, RLIN) | |
| Topical term or geographic name as entry element | Project management |
| 9 (RLIN) | 6261 |
| 690 ## - LOCAL SUBJECT ADDED ENTRY--TOPICAL TERM (OCLC, RLIN) | |
| Topical term or geographic name as entry element | Construction management |
| 9 (RLIN) | 6230 |
| 856 41 - ELECTRONIC LOCATION AND ACCESS | |
| Uniform Resource Identifier | <a href="https://www.isurv.com/downloads/download/167/project_monitoring">https://www.isurv.com/downloads/download/167/project_monitoring</a> |
| Public note | Available on iSurv (subscription required) |
| 942 ## - ADDED ENTRY ELEMENTS (KOHA) | |
| Suppress in OPAC | 0 |
| Source of classification or shelving scheme | Dewey Decimal Classification |
| Withdrawn status | Lost status | Source of classification or shelving scheme | Damaged status | Not for loan | Home library | Current library | Shelving location | Date acquired | Total Checkouts | Full call number | Barcode | Date last seen | Copy number | Price effective from | Koha item type | Date last checked out |
|---|---|---|---|---|---|---|---|---|---|---|---|---|---|---|---|---|
| Dewey Decimal Classification | London | London | RICS Boxes | 20/05/2009 | RICS 2007/17 | 30072333 | 06/08/2019 | 1 | 06/08/2019 | Archive | ||||||
| Dewey Decimal Classification | London | London | RICS Boxes | 08/05/2007 | 4 | RICS 2007/17 | 30072335 | 06/08/2019 | 2 | 06/08/2019 | Book | 16/01/2008 | ||||
| Dewey Decimal Classification | London | London | RICS Boxes | 08/05/2007 | RICS 2007/17 | 30072334 | 06/08/2019 | 4 | 06/08/2019 | Reference material | ||||||
| Dewey Decimal Classification | Virtual | Virtual | Online | 08/05/2007 | iSurv | 06/08/2019 | 1 | 06/08/2019 | Book |